Prolegómenos a una teoría del lenguaje

Spremljeno u:
Bibliografski detalji
Glavni autor: Hjelmslev, Louis
Format: Knjiga
Jezik:Undetermined
Izdano: Madrid, España Editorial Gredos 1971
Teme:
Oznake: Dodaj oznaku
Bez oznaka, Budi prvi tko označuje ovaj zapis!

MARC

LEADER 00000nam a2200000Ia 4500
008 170316s9999 xx 000 0 und d
090 |a 801 H-16p 
100 |a Hjelmslev, Louis 
245 |a Prolegómenos a una teoría del lenguaje 
260 |a Madrid, España 
260 |b Editorial Gredos 
260 |c 1971 
300 |a 198 páginas 
650 |a TEORÍA LITERARIA 
650 |a LINGÜÍSTICA ESTRUCTURAL 
650 |a LENGUAJE 
650 |a LINGÜÍSTICA 
650 |a HUMANISMO 
650 |a EMPIRISMO 
650 |a INDUCCION 
650 |a REALIDAD 
650 |a ANÁLISIS 
650 |a SIGNOS 
650 |a FIGURAS 
650 |a SEMIÓTICAS 
999 |c 20346  |d 20346 
040 |a cru BVZT 
942 |c 15 D  |h 801 H-16p  |2 z